| 000 | 00562nam a2200205 4500 | ||
|---|---|---|---|
| 001 | 109121 | ||
| 003 | ES-MaACL | ||
| 005 | 20230906184759.0 | ||
| 007 | t| | ||
| 008 | 061121s1957 sp r ||||1| spa d | ||
| 100 | 1 |
_aOliver Brachfeld, F. _986832 |
|
| 245 | 1 | 0 |
_aHistoria de Hungría / _cF. Oliver Brachfeld. |
| 250 | _a[1ª ed.]. | ||
| 260 |
_aBarcelona : _b[Surco, _c1957] |
||
| 300 |
_a509 p. 24 láms. ; _c22 cm. |
||
| 490 | 1 | _aSerie Historia | |
| 830 | 0 |
_aSerie Historia _9176514 |
|
| 852 |
_aES-MaACL _jC-12939 _bR.41196 |
||
| 999 |
_c109121 _d109121 |
||